01972nam a2200445Ia 4500001001200000003000800012006001900020007001500039008004100054020001800095020001800113040002100131035002100152043001200173050002400185245017400209260005800383300001600441490005200457504005100509533015200560610007900712650003100791650003400822650003700856650003200893650005400925650004200979651004201021651004601063655002901109700002201138700002001160710001701180710008901197730004801286830004901334856012601383999001701509ebr10622940CaPaEBRm u cr cn|||||||||120928t20122012cau sb 001 0 eng d z9780817915148 z9780817915162 aCaPaEBRcCaPaEBR a(OCoLC)820632012 an-us---14aHB3722b.B36 2012eb00aBankruptcy not bailouth[electronic resource] :ba special chapter 14 /cedited by Kenneth E. Scott, John B. Taylor ; contributing authors, Andrew Crockett ...[et. al.]. aStanford, Calif. :bHoover Institution Press,cc2012. axii, 251 p.1 aHoover Institution Press publication ;vno. 625 aIncludes bibliographical references and index. aElectronic reproduction.bPalo Alto, Calif. :cebrary,d2011.nAvailable via World Wide Web.nAccess may be limited to ebrary affiliated libraries.10aUnited States.tDodd-Frank Wall Street Reform and Consumer Protection Act. 0aBankruptcyzUnited States. 0aBank failureszUnited States. 0aFinancial criseszUnited States. 0aLiquidationzUnited States. 0aIntervention (Federal government)zUnited States. 0aDerivative securitieszUnited States. 0aUnited StatesxEconomic policyy2009- 0aUnited StatesxEconomic conditionsy2009- 7aElectronic books.2local1 aScott, Kenneth E.1 aTaylor, John B.2 aebrary, Inc.2 aHoover Institution on War, Revolution, and Peace.bWorking Group on Economic Policy.0 aEnding government bailouts as we know them. 0aHoover Institution Press publication ;v625.40uhttp://site.ebrary.com/lib/rucke/Doc?id=10622940zAn electronic book accessible through the World Wide Web; click to view c56383d56383